00469 a2200169 4500003000500000005001700005040000900022082001300031100002400044245003900068260002700107300001000134650002000144942001200164999001900176952010400195Nust20170207153442.0 cNust a891.4391 aShahab, Qudartullah aShahab Nagarc Qudartullah Shahab aLahorebJung Pubc1997 a663:p aUrdu Literature 2ddccBK c186523d186523 00102ddc40708NFICaMCSbMCSd2016-12-12l0o891.4391 SHApMCS27335r2016-12-08w2016-12-12yBK